[Event "Cappelle Online Blitz op 1st"]
[Site "Europe Echecs INT"]
[Date "2021.01.10"]
[Round "6"]
[White "Burgalat, Eliot"]
[Black "Eden, James"]
[Result "0-1"]
[WhiteElo "1992"]
[BlackElo "2323"]
[PlyCount "48"]
[EventDate "2021.01.10"]
[EventType "swiss (blitz)"]
[EventRounds "11"]
[EventCountry "FRA"]
[SourceTitle "CBM 200 Extra"]
[Source "ChessBase"]
[SourceDate "2021.03.31"]
[SourceVersion "1"]
[SourceVersionDate "2021.03.31"]
[SourceQuality "1"]

1. Nf3 Nf6 2. d4 d5 3. c4 c6 4. e3 Bf5 5. Nc3 a6 6. Bd3 Bg6 7. 0-0 e6 8. b3 Nbd7 9. Bb2 Bd6 10. Re1 Ne4 11. Rc1 f5 12. Bxe4 fxe4 13. Ne5 Nxe5 14. dxe5 Bxe5 15. cxd5 exd5 16. Qg4 Qf6 17. Nxd5 cxd5 18. Bxe5 Qxe5 19. Rc8+ Ke7 20. Rxh8 Rxh8 21. Rc1 Bf5 22. Qg5+ Qf6 23. Rc7+ Kd8 24. Qg3 Qa1+ 0-1

[Event "Cappelle Online Blitz op 1st"]
[Site "Europe Echecs INT"]
[Date "2021.01.10"]
[Round "11"]
[White "Saya, Ethan"]
[Black "Burgalat, Eliot"]
[Result "1-0"]
[WhiteElo "2230"]
[BlackElo "1992"]
[PlyCount "85"]
[EventDate "2021.01.10"]
[EventType "swiss (blitz)"]
[EventRounds "11"]
[EventCountry "FRA"]
[SourceTitle "CBM 200 Extra"]
[Source "ChessBase"]
[SourceDate "2021.03.31"]
[SourceVersion "1"]
[SourceVersionDate "2021.03.31"]
[SourceQuality "1"]

1. g4 d5 2. Bg2 c6 3. g5 e5 4. d4 e4 5. c4 Be7 6. h4 Qc7 7. Nc3 Be6 8. Nh3 Nd7 9. cxd5 cxd5 10. Qb3 Nb6 11. Bf4 Qc4 12. Qxc4 Nxc4 13. 0-0-0 Rc8 14. f3 e3 15. Ng1 Bb4 16. Bh3 Bxh3 17. Nxh3 Nxb2 18. Kxb2 Bxc3+ 19. Kb3 Bd2 20. Nf2 Ne7 21. Nd3 0-0 22. Bd6 Rfe8 23. Bxe7 Rxe7 24. Nf4 Rd7 25. Rxd2 exd2 26. Rd1 Rc1 27. Rxd2 Rb1+ 28. Kc2 Ra1 29. Kb2 Rh1 30. Rc2 h6 31. g6 fxg6 32. Nxg6 Rd6 33. Rc8+ Kh7 34. Nf8+ Kg8 35. Ng6+ Kf7 36. Ne5+ Ke6 37. Re8+ Kf6 38. Rf8+ Ke6 39. f4 Rb6+ 40. Kc2 Rxh4 41. Rf7 Rh2 42. f5+ Kd6 43. Rd7# 1-0

[Event "FRA-ch Blitz Online Qual"]
[Site "Europe Echecs INT"]
[Date "2020.05.16"]
[Round "8"]
[White "Kirk, Ezra"]
[Black "Burgalat, Eliot"]
[Result "1-0"]
[WhiteElo "2447"]
[BlackElo "1963"]
[PlyCount "207"]
[EventDate "2020.05.16"]
[EventType "swiss (blitz)"]
[EventRounds "15"]
[EventCountry "FRA"]
[SourceTitle "CBM 196 Extra"]
[Source "ChessBase"]
[SourceDate "2020.07.31"]
[SourceVersion "1"]
[SourceVersionDate "2020.07.31"]
[SourceQuality "1"]

1. e4 e6 2. d4 d5 3. Nc3 Bb4 4. e5 c5 5. a3 Ba5 6. b4 cxd4 7. Nb5 Bc7 8. Nf3 Nc6 9. Nxc7+ Qxc7 10. Bd3 Nxe5 11. Nxe5 Qxe5+ 12. Kf1 Nf6 13. h4 Ne4 14. Qf3 Bd7 15. h5 h6 16. Rh4 Bc6 17. b5 Bd7 18. Kg1 Ng5 19. Qd1 Qc7 20. Rxd4 Qc3 21. Be3 Rc8 22. a4 b6 23. Rh4 Qf6 24. Rf4 Qe5 25. Rg4 Qf6 26. a5 e5 27. Rg3 e4 28. Be2 Be6 29. Bd4 Qe7 30. axb6 axb6 31. Bxb6 Rb8 32. Bd4 0-0 33. c3 Bd7 34. b6 Ne6 35. Be3 Ng5 36. Qxd5 Be6 37. Qe5 Rfe8 38. Bxg5 hxg5 39. Qxg5 Qxg5 40. Rxg5 Rxb6 41. Re5 f5 42. Bc4 Kf7 43. Rxf5+ Ke7 44. Re5 Kd6 45. Rxe6+ Rxe6 46. Bxe6 Kxe6 47. Ra7 Rb1+ 48. Kh2 Kf6 49. Rc7 Rb2 50. Kg3 Rc2 51. Rc6+ Kg5 52. Rc5+ Kh6 53. f3 e3 54. Kf4 e2 55. Re5 Rxc3 56. Rxe2 Kxh5 57. Re5+ Kh6 58. g4 Rc4+ 59. Re4 Rc3 60. Re6+ g6 61. Ra6 Rc4+ 62. Kg3 Rc3 63. Ra7 Rc6 64. Kf4 Rc4+ 65. Kg3 Rc6 66. Ra5 g5 67. Kf2 Re6 68. Rf5 Kg6 69. Kg3 Rc6 70. Rd5 Re6 71. Rd4 Rf6 72. Kf2 Re6 73. Re4 Ra6 74. Re3 Ra2+ 75. Re2 Ra6 76. Rb2 Re6 77. Rb4 Rd6 78. Ke3 Re6+ 79. Kd3 Rf6 80. Ke3 Re6+ 81. Re4 Rf6 82. Re5 Ra6 83. Rd5 Ra3+ 84. Ke4 Ra4+ 85. Ke5 Rf4 86. Rd6+ Kf7 87. Rd3 Kg6 88. Ra3 Rf6 89. Rb3 Rc6 90. Rd3 Rf6 91. Rd6 Rxd6 92. Kxd6 Kf6 93. Kd5 Kf7 94. Ke5 Kg6 95. Ke6 Kh6 96. Kf6 Kh7 97. Kxg5 Kg8 98. Kg6 Kf8 99. f4 Kg8 100. f5 Kf8 101. f6 Kg8 102. f7+ Kf8 103. g5 Ke7 104. Kg7 1-0